书目信息 |
| 题名: |
PET核心单词默写本
|
|
| 作者: | 金利 主编 | |
| 分册: | ||
| 出版信息: | 北京 化学工业出版社 2020.06 |
|
| 页数: | 284页 | |
| 开本: | 24cm | |
| 丛书名: | ||
| 单 册: | ||
| 中图分类: | H313.1 | |
| 科图分类: | ||
| 主题词: | 英语--ying yu--词汇--等级考试--自学参考资料 | |
| 电子资源: | ||
| ISBN: | 978-7-122-36486-9 | |
| 000 | 00833nam0 2200229 450 | |
| 001 | 202020139300 | |
| 005 | 20200926181346.0 | |
| 010 | @a978-7-122-36486-9@dCNY49.90 | |
| 100 | @a20200916d2020 em y0chiy50 ea | |
| 101 | 0 | @achi@aeng |
| 102 | @aCN@b110000 | |
| 105 | @aa z 000yy | |
| 106 | @ar | |
| 200 | 1 | @aPET核心单词默写本@APEThe xin dan ci mo xie ben@f金利主编 |
| 210 | @a北京@c化学工业出版社@d2020.06 | |
| 215 | @a284页@c彩图@d24cm | |
| 330 | @a本书涵盖了PET历年考试中涉及的高频词汇, 收录2020改革后新词表中的核心词。按照所属类别逐一分析单词的构成, 单词的记忆方法, 以及单词的核心用法, 并配以多种形式的练习题, 随时检验单词的掌握情况。 | |
| 606 | 0 | @a英语@Aying yu@x词汇@x等级考试@j自学参考资料 |
| 690 | @aH313.1@v5 | |
| 701 | 0 | @a金利@Ajin li@4主编 |
| 801 | 0 | @aCN@c20200604 |
| 905 | @a河南城建学院图书馆@dH313.1@eJ783 | |
| PET核心单词默写本/金利主编.-北京:化学工业出版社,2020.06 |
| 284页:彩图;24cm |
| ISBN 978-7-122-36486-9:CNY49.90 |
| 本书涵盖了PET历年考试中涉及的高频词汇, 收录2020改革后新词表中的核心词。按照所属类别逐一分析单词的构成, 单词的记忆方法, 以及单词的核心用法, 并配以多种形式的练习题, 随时检验单词的掌握情况。 |
| ● |
| 相关链接 |
|
|
|
正题名:PET核心单词默写本
索取号:H313.1/J783
 
预约/预借
| 序号 | 登录号 | 条形码 | 馆藏地/架位号 | 状态 | 备注 |
| 1 | 1488934 | 214889343 | 语言库209/209语言库 32排4列6层/ [索取号:H313.1/J783] | 在馆 | |
| 2 | 1488935 | 214889352 | 语言库209/209语言库 32排4列6层/ [索取号:H313.1/J783] | 在馆 | |
| 3 | 1488936 | 214889361 | 语言库209/209语言库 32排4列6层/ [索取号:H313.1/J783] | 在馆 |